Countries by Military aircraft insignia - Statistics

General Stats
  • This quiz has been taken 114 times
  • The average score is 8 of 10
Answer Stats
Picture Answer % Correct
Canada
100%
Germany
99%
Japan
98%
United States
98%
Israel
89%
Russia
79%
Taiwan
78%
Poland
67%
Portugal
38%
Uruguay
12%
No matching quizzes found
Score Distribution
Percent of People with Each Score
Percentile by Number Answered
Your Score History
You have not taken this quiz